<?xml version="1.0" encoding="UTF-8"?>
<collection xmlns="http://www.loc.gov/MARC21/slim">
<record>
  <controlfield tag="001">2286811</controlfield>
  <controlfield tag="005">20171013220809.0</controlfield>
  <datafield tag="024" ind1="8" ind2=" ">
    <subfield code="a">oai:cds.cern.ch:2286811</subfield>
    <subfield code="p">cerncds:FULLTEXT</subfield>
  </datafield>
  <datafield tag="037" ind1=" " ind2=" ">
    <subfield code="a">CERN-PHOTO-201710-239</subfield>
  </datafield>
  <datafield tag="100" ind1=" " ind2=" ">
    <subfield code="a">Ordan, Julien Marius</subfield>
    <subfield code="0">AUTHOR|(CDS)2094367</subfield>
    <subfield code="0">AUTHOR|(SzGeCERN)763679</subfield>
    <subfield code="u">CERN</subfield>
    <subfield code="m">julien.ordan@cern.ch</subfield>
  </datafield>
  <datafield tag="245" ind1=" " ind2=" ">
    <subfield code="a">Atlas &amp; CMS Birthday Cake 25th anniversary's celebration</subfield>
  </datafield>
  <datafield tag="260" ind1=" " ind2=" ">
    <subfield code="c">2017</subfield>
  </datafield>
  <datafield tag="269" ind1=" " ind2=" ">
    <subfield code="a">Geneva</subfield>
    <subfield code="b">CERN</subfield>
    <subfield code="c">2017-10-02</subfield>
  </datafield>
  <datafield tag="500" ind1=" " ind2=" ">
    <subfield code="a">General Photo</subfield>
  </datafield>
  <datafield tag="506" ind1=" " ind2=" ">
    <subfield code="a">public</subfield>
  </datafield>
  <datafield tag="520" ind1=" " ind2=" ">
    <subfield code="a">Atlas &amp; CMS Birthday Cake 25th anniversary's celebration</subfield>
  </datafield>
  <datafield tag="542" ind1=" " ind2=" ">
    <subfield code="d">CERN</subfield>
    <subfield code="g">2017</subfield>
  </datafield>
  <datafield tag="595" ind1=" " ind2=" ">
    <subfield code="a">CERN EDS</subfield>
    <subfield code="s">PHOTOLAB</subfield>
  </datafield>
  <datafield tag="650" ind1="2" ind2="7">
    <subfield code="2">SzGeCERN</subfield>
    <subfield code="a">Personalities and History of CERN</subfield>
  </datafield>
  <datafield tag="650" ind1="1" ind2="7">
    <subfield code="2">SzGeCERN</subfield>
    <subfield code="a">Photolab</subfield>
  </datafield>
  <datafield tag="653" ind1="1" ind2=" ">
    <subfield code="a">Birthday</subfield>
    <subfield code="9">CERN</subfield>
  </datafield>
  <datafield tag="653" ind1="1" ind2=" ">
    <subfield code="a">CMS</subfield>
    <subfield code="9">CERN</subfield>
  </datafield>
  <datafield tag="653" ind1="1" ind2=" ">
    <subfield code="a">ATLAS</subfield>
    <subfield code="9">CERN</subfield>
  </datafield>
  <datafield tag="653" ind1="1" ind2=" ">
    <subfield code="a">Celebration</subfield>
    <subfield code="9">CERN</subfield>
  </datafield>
  <datafield tag="653" ind1="1" ind2=" ">
    <subfield code="a">Cake</subfield>
    <subfield code="9">CERN</subfield>
  </datafield>
  <datafield tag="690" ind1="C" ind2=" ">
    <subfield code="a">CERN</subfield>
  </datafield>
  <datafield tag="690" ind1="C" ind2=" ">
    <subfield code="a">PHOTO</subfield>
  </datafield>
  <datafield tag="856" ind1="4" ind2=" ">
    <subfield code="8">1353853</subfield>
    <subfield code="s">28151792</subfield>
    <subfield code="u">http://cds.cern.ch/record/2286811/files/DSC08857.jpg</subfield>
  </datafield>
  <datafield tag="856" ind1="4" ind2=" ">
    <subfield code="8">1353854</subfield>
    <subfield code="s">30844089</subfield>
    <subfield code="u">http://cds.cern.ch/record/2286811/files/DSC08865.jpg</subfield>
  </datafield>
  <datafield tag="856" ind1="4" ind2=" ">
    <subfield code="8">1353858</subfield>
    <subfield code="s">31499254</subfield>
    <subfield code="u">http://cds.cern.ch/record/2286811/files/DSC08884.jpg</subfield>
  </datafield>
  <datafield tag="856" ind1="4" ind2=" ">
    <subfield code="8">1353860</subfield>
    <subfield code="s">33978602</subfield>
    <subfield code="u">http://cds.cern.ch/record/2286811/files/DSC08889.jpg</subfield>
  </datafield>
  <datafield tag="856" ind1="4" ind2=" ">
    <subfield code="8">1353861</subfield>
    <subfield code="s">39353856</subfield>
    <subfield code="u">http://cds.cern.ch/record/2286811/files/DSC08893.jpg</subfield>
  </datafield>
  <datafield tag="856" ind1="4" ind2=" ">
    <subfield code="8">1353862</subfield>
    <subfield code="s">33530013</subfield>
    <subfield code="u">http://cds.cern.ch/record/2286811/files/DSC08897.jpg</subfield>
  </datafield>
  <datafield tag="856" ind1="4" ind2=" ">
    <subfield code="8">1353865</subfield>
    <subfield code="s">35805026</subfield>
    <subfield code="u">http://cds.cern.ch/record/2286811/files/DSC08912.jpg</subfield>
  </datafield>
  <datafield tag="856" ind1="4" ind2=" ">
    <subfield code="8">1353866</subfield>
    <subfield code="s">39445313</subfield>
    <subfield code="u">http://cds.cern.ch/record/2286811/files/DSC08924.jpg</subfield>
  </datafield>
  <datafield tag="856" ind1="4" ind2=" ">
    <subfield code="8">1353870</subfield>
    <subfield code="s">32743962</subfield>
    <subfield code="u">http://cds.cern.ch/record/2286811/files/DSC08947.jpg</subfield>
  </datafield>
  <datafield tag="856" ind1="4" ind2=" ">
    <subfield code="8">1353853</subfield>
    <subfield code="s">164799</subfield>
    <subfield code="u">http://cds.cern.ch/record/2286811/files/DSC08857.jpg?subformat=icon-640</subfield>
    <subfield code="x">icon-640</subfield>
  </datafield>
  <datafield tag="856" ind1="4" ind2=" ">
    <subfield code="8">1353853</subfield>
    <subfield code="s">28079</subfield>
    <subfield code="u">http://cds.cern.ch/record/2286811/files/DSC08857.jpg?subformat=icon-180</subfield>
    <subfield code="x">icon-180</subfield>
  </datafield>
  <datafield tag="856" ind1="4" ind2=" ">
    <subfield code="8">1353853</subfield>
    <subfield code="s">635607</subfield>
    <subfield code="u">http://cds.cern.ch/record/2286811/files/DSC08857.jpg?subformat=icon-1440</subfield>
    <subfield code="x">icon-1440</subfield>
  </datafield>
  <datafield tag="856" ind1="4" ind2=" ">
    <subfield code="8">1353854</subfield>
    <subfield code="s">186152</subfield>
    <subfield code="u">http://cds.cern.ch/record/2286811/files/DSC08865.jpg?subformat=icon-640</subfield>
    <subfield code="x">icon-640</subfield>
  </datafield>
  <datafield tag="856" ind1="4" ind2=" ">
    <subfield code="8">1353854</subfield>
    <subfield code="s">34231</subfield>
    <subfield code="u">http://cds.cern.ch/record/2286811/files/DSC08865.jpg?subformat=icon-180</subfield>
    <subfield code="x">icon-180</subfield>
  </datafield>
  <datafield tag="856" ind1="4" ind2=" ">
    <subfield code="8">1353854</subfield>
    <subfield code="s">698416</subfield>
    <subfield code="u">http://cds.cern.ch/record/2286811/files/DSC08865.jpg?subformat=icon-1440</subfield>
    <subfield code="x">icon-1440</subfield>
  </datafield>
  <datafield tag="856" ind1="4" ind2=" ">
    <subfield code="8">1353858</subfield>
    <subfield code="s">1206687</subfield>
    <subfield code="u">http://cds.cern.ch/record/2286811/files/DSC08884.jpg?subformat=icon-1440</subfield>
    <subfield code="x">icon-1440</subfield>
  </datafield>
  <datafield tag="856" ind1="4" ind2=" ">
    <subfield code="8">1353858</subfield>
    <subfield code="s">248835</subfield>
    <subfield code="u">http://cds.cern.ch/record/2286811/files/DSC08884.jpg?subformat=icon-640</subfield>
    <subfield code="x">icon-640</subfield>
  </datafield>
  <datafield tag="856" ind1="4" ind2=" ">
    <subfield code="8">1353858</subfield>
    <subfield code="s">42700</subfield>
    <subfield code="u">http://cds.cern.ch/record/2286811/files/DSC08884.jpg?subformat=icon-180</subfield>
    <subfield code="x">icon-180</subfield>
  </datafield>
  <datafield tag="856" ind1="4" ind2=" ">
    <subfield code="8">1353860</subfield>
    <subfield code="s">122066</subfield>
    <subfield code="u">http://cds.cern.ch/record/2286811/files/DSC08889.jpg?subformat=icon-640</subfield>
    <subfield code="x">icon-640</subfield>
  </datafield>
  <datafield tag="856" ind1="4" ind2=" ">
    <subfield code="8">1353860</subfield>
    <subfield code="s">28300</subfield>
    <subfield code="u">http://cds.cern.ch/record/2286811/files/DSC08889.jpg?subformat=icon-180</subfield>
    <subfield code="x">icon-180</subfield>
  </datafield>
  <datafield tag="856" ind1="4" ind2=" ">
    <subfield code="8">1353860</subfield>
    <subfield code="s">501816</subfield>
    <subfield code="u">http://cds.cern.ch/record/2286811/files/DSC08889.jpg?subformat=icon-1440</subfield>
    <subfield code="x">icon-1440</subfield>
  </datafield>
  <datafield tag="856" ind1="4" ind2=" ">
    <subfield code="8">1353861</subfield>
    <subfield code="s">213493</subfield>
    <subfield code="u">http://cds.cern.ch/record/2286811/files/DSC08893.jpg?subformat=icon-640</subfield>
    <subfield code="x">icon-640</subfield>
  </datafield>
  <datafield tag="856" ind1="4" ind2=" ">
    <subfield code="8">1353861</subfield>
    <subfield code="s">37941</subfield>
    <subfield code="u">http://cds.cern.ch/record/2286811/files/DSC08893.jpg?subformat=icon-180</subfield>
    <subfield code="x">icon-180</subfield>
  </datafield>
  <datafield tag="856" ind1="4" ind2=" ">
    <subfield code="8">1353861</subfield>
    <subfield code="s">873117</subfield>
    <subfield code="u">http://cds.cern.ch/record/2286811/files/DSC08893.jpg?subformat=icon-1440</subfield>
    <subfield code="x">icon-1440</subfield>
  </datafield>
  <datafield tag="856" ind1="4" ind2=" ">
    <subfield code="8">1353862</subfield>
    <subfield code="s">135755</subfield>
    <subfield code="u">http://cds.cern.ch/record/2286811/files/DSC08897.jpg?subformat=icon-640</subfield>
    <subfield code="x">icon-640</subfield>
  </datafield>
  <datafield tag="856" ind1="4" ind2=" ">
    <subfield code="8">1353862</subfield>
    <subfield code="s">26429</subfield>
    <subfield code="u">http://cds.cern.ch/record/2286811/files/DSC08897.jpg?subformat=icon-180</subfield>
    <subfield code="x">icon-180</subfield>
  </datafield>
  <datafield tag="856" ind1="4" ind2=" ">
    <subfield code="8">1353862</subfield>
    <subfield code="s">605471</subfield>
    <subfield code="u">http://cds.cern.ch/record/2286811/files/DSC08897.jpg?subformat=icon-1440</subfield>
    <subfield code="x">icon-1440</subfield>
  </datafield>
  <datafield tag="856" ind1="4" ind2=" ">
    <subfield code="8">1353865</subfield>
    <subfield code="s">199035</subfield>
    <subfield code="u">http://cds.cern.ch/record/2286811/files/DSC08912.jpg?subformat=icon-640</subfield>
    <subfield code="x">icon-640</subfield>
  </datafield>
  <datafield tag="856" ind1="4" ind2=" ">
    <subfield code="8">1353865</subfield>
    <subfield code="s">35214</subfield>
    <subfield code="u">http://cds.cern.ch/record/2286811/files/DSC08912.jpg?subformat=icon-180</subfield>
    <subfield code="x">icon-180</subfield>
  </datafield>
  <datafield tag="856" ind1="4" ind2=" ">
    <subfield code="8">1353865</subfield>
    <subfield code="s">764975</subfield>
    <subfield code="u">http://cds.cern.ch/record/2286811/files/DSC08912.jpg?subformat=icon-1440</subfield>
    <subfield code="x">icon-1440</subfield>
  </datafield>
  <datafield tag="856" ind1="4" ind2=" ">
    <subfield code="8">1353866</subfield>
    <subfield code="s">174945</subfield>
    <subfield code="u">http://cds.cern.ch/record/2286811/files/DSC08924.jpg?subformat=icon-640</subfield>
    <subfield code="x">icon-640</subfield>
  </datafield>
  <datafield tag="856" ind1="4" ind2=" ">
    <subfield code="8">1353866</subfield>
    <subfield code="s">35941</subfield>
    <subfield code="u">http://cds.cern.ch/record/2286811/files/DSC08924.jpg?subformat=icon-180</subfield>
    <subfield code="x">icon-180</subfield>
  </datafield>
  <datafield tag="856" ind1="4" ind2=" ">
    <subfield code="8">1353866</subfield>
    <subfield code="s">696370</subfield>
    <subfield code="u">http://cds.cern.ch/record/2286811/files/DSC08924.jpg?subformat=icon-1440</subfield>
    <subfield code="x">icon-1440</subfield>
  </datafield>
  <datafield tag="856" ind1="4" ind2=" ">
    <subfield code="8">1353870</subfield>
    <subfield code="s">167997</subfield>
    <subfield code="u">http://cds.cern.ch/record/2286811/files/DSC08947.jpg?subformat=icon-640</subfield>
    <subfield code="x">icon-640</subfield>
  </datafield>
  <datafield tag="856" ind1="4" ind2=" ">
    <subfield code="8">1353870</subfield>
    <subfield code="s">31349</subfield>
    <subfield code="u">http://cds.cern.ch/record/2286811/files/DSC08947.jpg?subformat=icon-180</subfield>
    <subfield code="x">icon-180</subfield>
  </datafield>
  <datafield tag="856" ind1="4" ind2=" ">
    <subfield code="8">1353870</subfield>
    <subfield code="s">676765</subfield>
    <subfield code="u">http://cds.cern.ch/record/2286811/files/DSC08947.jpg?subformat=icon-1440</subfield>
    <subfield code="x">icon-1440</subfield>
  </datafield>
  <datafield tag="859" ind1=" " ind2=" ">
    <subfield code="f"> ana.godinho@cern.ch</subfield>
  </datafield>
  <datafield tag="916" ind1=" " ind2=" ">
    <subfield code="s">n</subfield>
    <subfield code="w">201740</subfield>
  </datafield>
  <datafield tag="923" ind1=" " ind2=" ">
    <subfield code="p">CERN</subfield>
    <subfield code="r"> &lt;></subfield>
  </datafield>
  <datafield tag="960" ind1=" " ind2=" ">
    <subfield code="a">86</subfield>
  </datafield>
  <datafield tag="963" ind1=" " ind2=" ">
    <subfield code="a">PUBLIC</subfield>
  </datafield>
  <datafield tag="963" ind1=" " ind2=" ">
    <subfield code="b">VISIBLE</subfield>
  </datafield>
  <datafield tag="980" ind1=" " ind2=" ">
    <subfield code="a">PHOTOLABCERN</subfield>
  </datafield>
</record>
</collection>